000 00364nam a2200133Ia 4500
008 150202s9999 xx 000 0 und d
020 _a373484429
050 _aFIC
_bFIC
100 _aRoberts, Nora.
245 _aReflections and dreams /
_cNora Roberts.
260 _aNew York :
_bSilhouette Books,
_c2001.
300 _a505 pages :
_c18 cm.
650 _aFiction.
999 _c282357
_d282357